[Event "TUR-chT"]
[Site "Kocaeli"]
[Date "2015.08.15"]
[Round "13.5"]
[White "Bortnyk, Olexandr"]
[Black "Komut, Burak"]
[Result "1-0"]
[WhiteElo "2553"]
[BlackElo "2007"]
[PlyCount "75"]
[EventDate "2015.08.04"]
[EventType "team-tourn"]
[EventRounds "13"]
[EventCountry "TUR"]
[SourceTitle "CBM 167 Extra"]
[Source "ChessBase"]
[SourceDate "2015.09.14"]
[SourceVersion "1"]
[SourceVersionDate "2015.09.14"]
[SourceQuality "1"]
[WhiteTeam "Istanbul Teknik Uni"]
[BlackTeam "Tarsus Zeka"]
[WhiteTeamCountry "TUR"]
[BlackTeamCountry "TUR"]

1. e4 e5 2. Nf3 Nc6 3. Bc4 Nf6 4. Ng5 d5 5. exd5 Na5 6. Bb5+ c6 7. dxc6 bxc6 8. Bd3 Bd6 9. 0-0 0-0 10. Nc3 h6 11. Nf3 Nd5 12. Re1 Re8 13. Ne4 f5 14. Nxd6 Qxd6 15. Bf1 Bd7 16. d4 e4 17. Ne5 Rad8 18. c4 Nf6 19. c5 Qc7 20. Qa4 g5 21. b4 Rxe5 22. Qxa5 Rf8 23. dxe5 Qxe5 24. Rb1 Ng4 25. g3 f4 26. Bc4+ Kh7 27. Bb2 Qf5 28. Qa3 Nxf2 29. Qc3 Kg6 30. Kxf2 fxg3+ 31. Ke2 Qf2+ 32. Kd1 Bg4+ 33. Kc1 g2 34. Qg3 e3 35. Bc3 Qf4 36. Bd3+ Kh5 37. Qxg2 Rd8 38. Be2 1-0

[Event "TUR-chT"]
[Site "Kocaeli"]
[Date "2015.08.11"]
[Round "8.6"]
[White "Komut, Burak"]
[Black "Yurtseven, Melih"]
[Result "0-1"]
[WhiteElo "2007"]
[BlackElo "2299"]
[PlyCount "138"]
[EventDate "2015.08.04"]
[EventType "team-tourn"]
[EventRounds "13"]
[EventCountry "TUR"]
[SourceTitle "CBM 167 Extra"]
[Source "ChessBase"]
[SourceDate "2015.09.14"]
[SourceVersion "1"]
[SourceVersionDate "2015.09.14"]
[SourceQuality "1"]
[WhiteTeam "Tarsus Zeka"]
[BlackTeam "Kayseri Seker"]
[WhiteTeamCountry "TUR"]
[BlackTeamCountry "TUR"]

1. Nf3 c5 2. c4 g6 3. Nc3 Bg7 4. g3 Nc6 5. Bg2 d6 6. 0-0 Bf5 7. d3 Qd7 8. Be3 Bh3 9. d4 cxd4 10. Nxd4 Bxg2 11. Kxg2 Nf6 12. f3 0-0 13. Qd2 Rfc8 14. Rac1 Nxd4 15. Qxd4 Qe6 16. b3 d5 17. Na4 Ng4 18. Qxg4 Qxe3 19. Qf4 Qxf4 20. gxf4 dxc4 21. bxc4 b6 22. Nc3 Rxc4 23. Nd5 Rxc1 24. Rxc1 e6 25. Ne7+ Kf8 26. Rc7 Bd4 27. Nc6 Bf6 28. e4 a6 29. e5 Bd8 30. Rb7 Rc8 31. Nxd8 Rxd8 32. Rxb6 Rd2+ 33. Kg3 Rxa2 34. Rb7 a5 35. Ra7 a4 36. h3 a3 37. Ra8+ Ke7 38. Ra7+ Ke8 39. Kh4 h6 40. Kg3 Ra1 41. Kh2 a2 42. Kg2 Kd8 43. Ra8+ Kc7 44. Ra5 Kb6 45. Ra8 Kb5 46. Ra7 Kb4 47. Ra8 Kb3 48. Rb8+ Kc3 49. Ra8 Rc1 50. Rxa2 Rc2+ 51. Rxc2+ Kxc2 52. Kg3 Kd3 53. Kg4 Ke2 54. Kg3 Ke3 55. Kg4 Kf2 56. h4 h5+ 57. Kg5 Kxf3 58. Kf6 Kxf4 59. Kxf7 Kxe5 60. Kxg6 Kf4 61. Kxh5 Kf5 62. Kh6 e5 63. h5 e4 64. Kg7 e3 65. h6 e2 66. h7 e1Q 67. h8Q Qe7+ 68. Kg8 Kg6 69. Qf6+ Kxf6 0-1

[Event "TUR-chT"]
[Site "Kocaeli"]
[Date "2015.08.06"]
[Round "3.5"]
[White "Komut, Burak"]
[Black "Koksal, Ege"]
[Result "0-1"]
[WhiteElo "2007"]
[BlackElo "2347"]
[PlyCount "90"]
[EventDate "2015.08.04"]
[EventType "team-tourn"]
[EventRounds "13"]
[EventCountry "TUR"]
[SourceTitle "CBM 167 Extra"]
[Source "ChessBase"]
[SourceDate "2015.09.14"]
[SourceVersion "1"]
[SourceVersionDate "2015.09.14"]
[SourceQuality "1"]
[WhiteTeam "Tarsus Zeka"]
[BlackTeam "Alyans Satranc"]
[WhiteTeamCountry "TUR"]
[BlackTeamCountry "TUR"]

1. g3 d5 2. Nf3 Bg4 3. Bg2 Nd7 4. 0-0 Ngf6 5. d3 e6 6. Nbd2 c6 7. e4 Be7 8. Qe2 0-0 9. h3 Bh5 10. g4 Bg6 11. e5 Ne8 12. Ne1 Bc5 13. Kh1 f5 14. Ndf3 Nc7 15. d4 Be7 16. Nd3 c5 17. Be3 cxd4 18. Bxd4 Nb8 19. a4 Nc6 20. c3 h6 21. b4 Qd7 22. Qe3 b6 23. g5 hxg5 24. Rg1 f4 25. Qe2 Be4 26. Nh2 Bf5 27. Ng4 Nxd4 28. cxd4 Kf7 29. Bf3 Rh8 30. Kg2 Rac8 31. Rgc1 Na8 32. b5 Rxc1 33. Rxc1 Rc8 34. Qd2 Rxc1 35. Nxc1 Qc8 36. Ne2 Qc2 37. Qc3 Nc7 38. Kf1 Bd3 39. Qxc2 Bxc2 40. Nc3 Bb4 41. Bd1 Bd3+ 42. Be2 Bc4 43. Bxc4 dxc4 44. Ne4 c3 45. Nd6+ Kg6 0-1

[Event "TUR-chT"]
[Site "Kocaeli"]
[Date "2014.08.26"]
[Round "9.7"]
[White "Komut, Burak"]
[Black "Javakhadze, Zurab"]
[Result "0-1"]
[WhiteElo "1951"]
[BlackElo "2423"]
[PlyCount "68"]
[EventDate "2014.08.18"]
[EventType "team-tourn"]
[EventRounds "13"]
[EventCountry "TUR"]
[SourceTitle "CBM 162 Extra"]
[Source "ChessBase"]
[SourceDate "2014.10.17"]
[SourceVersion "1"]
[SourceVersionDate "2014.10.17"]
[SourceQuality "1"]
[WhiteTeam "Tarsus Zeka"]
[BlackTeam "Kahramanmaras Buyuksehir"]
[WhiteTeamCountry "TUR"]
[BlackTeamCountry "TUR"]

1. d4 Nf6 2. Nf3 e6 3. c4 Bb4+ 4. Bd2 a5 5. g3 Nc6 6. Bg2 0-0 7. 0-0 Bxd2 8. Nbxd2 d6 9. e4 e5 10. d5 Nb8 11. Ne1 c6 12. dxc6 bxc6 13. Nd3 c5 14. f4 Nc6 15. f5 h6 16. h4 Nd4 17. Kh2 g5 18. Nf2 gxh4 19. gxh4 Kh7 20. Bh3 Bb7 21. Rg1 Qe7 22. Ng4 Nh5 23. Nxh6 Qxh4 24. Qg4 Qxg4 25. Nxg4 Rg8 26. Ne3 Nf4 27. Ng4 Rg5 28. Nf6+ Kh6 29. Ng4+ Kg7 30. Nxe5 Nxh3 31. f6+ Kxf6 32. Ng4+ Ke7 33. Kxh3 Rh8+ 34. Kg3 Ne2+ 0-1

[Event "TUR-chT"]
[Site "Kocaeli"]
[Date "2014.08.19"]
[Round "2.1"]
[White "Komut, Burak"]
[Black "Yuksel, Atilla Koksal"]
[Result "1-0"]
[WhiteElo "1951"]
[BlackElo "2107"]
[PlyCount "135"]
[EventDate "2014.08.18"]
[EventType "team-tourn"]
[EventRounds "13"]
[EventCountry "TUR"]
[SourceTitle "CBM 162 Extra"]
[Source "ChessBase"]
[SourceDate "2014.10.17"]
[SourceVersion "1"]
[SourceVersionDate "2014.10.17"]
[SourceQuality "1"]
[WhiteTeam "Tarsus Zeka"]
[BlackTeam "Ankara Demirspor"]
[WhiteTeamCountry "TUR"]
[BlackTeamCountry "TUR"]

1. d4 d5 2. c4 e6 3. Nc3 Nf6 4. cxd5 exd5 5. Bg5 Nbd7 6. e3 c6 7. Bd3 Be7 8. Qc2 0-0 9. Nf3 Re8 10. 0-0 Nf8 11. h3 g6 12. Rab1 Ne6 13. Bh4 Ng7 14. b4 a6 15. a4 Bf5 16. Bxf5 Nxf5 17. Bxf6 Bxf6 18. b5 axb5 19. axb5 Qd6 20. bxc6 bxc6 21. Na4 Ne7 22. Rb7 Reb8 23. Rfb1 Rxb7 24. Rxb7 Rb8 25. Qb3 Ra8 26. g4 g5 27. Nc5 Rd8 28. Qb6 h6 29. Qa7 Nc8 30. Qa5 Re8 31. Nd7 Bg7 32. Nde5 Re7 33. Qa8 Re8 34. Rb8 Qe6 35. Qxc6 Nd6 36. Rxe8+ Nxe8 37. Qa8 Kh7 38. Nd3 Nf6 39. Nfe5 Ne4 40. Qb7 Kg8 41. f3 Nf6 42. Nc5 Qe8 43. Kf2 Bf8 44. Ncd7 Nxd7 45. Qxd7 Qe6 46. Qxe6 fxe6 47. e4 Bg7 48. Nc6 Kf7 49. Ke3 Bf6 50. Kd3 Bg7 51. Kc3 dxe4 52. fxe4 Ke8 53. Kc4 Kd7 54. d5 Kd6 55. Nd8 exd5+ 56. exd5 Ke5 57. Ne6 Bf6 58. Kc5 Ke4 59. d6 Kf3 60. Kd5 Kg3 61. Ke4 Kxh3 62. Kf5 Bc3 63. d7 Ba5 64. Nxg5+ hxg5 65. Kxg5 Kg3 66. Kf5 Kh4 67. g5 Kh5 68. g6 1-0

[Event "TUR-chT"]
[Site "Denizli"]
[Date "2013.07.06"]
[Round "8.7"]
[White "Komut, Burak"]
[Black "Koksal, Ege"]
[Result "1/2-1/2"]
[WhiteElo "1979"]
[BlackElo "2247"]
[PlyCount "210"]
[EventDate "2013.06.29"]
[EventType "team-tourn"]
[EventRounds "13"]
[EventCountry "TUR"]
[SourceTitle "CBM 155 Extra"]
[Source "ChessBase"]
[SourceDate "2013.08.26"]
[SourceVersion "1"]
[SourceVersionDate "2013.08.26"]
[SourceQuality "1"]
[WhiteTeam "Tarsus Zeka"]
[BlackTeam "Akdeniz Belediyesi"]
[WhiteTeamCountry "TUR"]
[BlackTeamCountry "TUR"]

1. e4 e5 2. Nf3 Nc6 3. d4 exd4 4. Bc4 Nf6 5. e5 Ng4 6. 0-0 d6 7. exd6 Qxd6 8. Re1+ Be7 9. b3 0-0 10. Ba3 Qd8 11. Bxe7 Nxe7 12. Qxd4 Nc6 13. Qxd8 Rxd8 14. Nc3 Bf5 15. Nd5 Kf8 16. h3 Nf6 17. Nxf6 gxf6 18. c3 a5 19. Bb5 Na7 20. Bf1 Nc6 21. Bb5 Na7 22. Bf1 c5 23. Re3 Nc6 24. g4 Be6 25. Bd3 Kg7 26. Rb1 Ne7 27. c4 Ng6 28. Be4 Ra7 29. Kh2 b6 30. Kg3 a4 31. bxa4 Rd6 32. Reb3 Bxc4 33. Rxb6 Rxb6 34. Rxb6 Rxa4 35. h4 Be2 36. Bxg6 hxg6 37. Rb2 Bd3 38. Ne1 Bc4 39. Rc2 Be6 40. f3 c4 41. Ng2 g5 42. h5 f5 43. gxf5 Bxf5 44. Rc3 Kh6 45. Ne3 Bd3 46. Ng4+ Kxh5 47. Ne5 Bf1 48. Rc1 f6 49. Ng4 Bd3 50. Nxf6+ Kg6 51. Ng4 Kf5 52. a3 Ke6 53. f4 gxf4+ 54. Kxf4 Kd5 55. Ke3 Rxa3 56. Nf6+ Kc5 57. Nd7+ Kb4 58. Kd4 Ra6 59. Ne5 Rd6+ 60. Ke3 Kb3 61. Rd1 Kc2 62. Rh1 Rd5 63. Nf3 Rd8 64. Nd4+ Kc3 65. Nb5+ Kb4 66. Nd4 Kc3 67. Nb5+ Kb3 68. Nd4+ Kb2 69. Rh2+ Ka3 70. Rh6 Kb2 71. Rh2+ Kc3 72. Nb5+ Kb4 73. Rb2+ Kc5 74. Nc3 Re8+ 75. Kd2 Rh8 76. Rb5+ Kc6 77. Rg5 Rh3 78. Re5 Kd6 79. Rg5 Ke6 80. Rc5 Rg3 81. Nd1 Kd6 82. Rc8 Rg2+ 83. Kc3 Rc2+ 84. Kb4 Kd7 85. Rc5 Kd6 86. Rc8 Ke5 87. Re8+ Kd4 88. Rd8+ Ke4 89. Re8+ Kf3 90. Nc3 Kf4 91. Re7 Kf5 92. Re8 Kf6 93. Re3 Kf5 94. Re8 Kf4 95. Re7 Kf3 96. Re8 Rb2+ 97. Kc5 Rb7 98. Kd4 Rd7+ 99. Kc5 Bf1 100. Rf8+ Kg2 101. Rf6 Rd3 102. Kb4 Rd2 103. Rf8 Rd7 104. Rf6 Bd3 105. Rf8 Kg3 1/2-1/2

[Event "TUR-chT"]
[Site "Denizli"]
[Date "2013.07.02"]
[Round "4.7"]
[White "Komut, Burak"]
[Black "Sumer, Gun"]
[Result "0-1"]
[WhiteElo "1979"]
[BlackElo "1935"]
[PlyCount "62"]
[EventDate "2013.06.29"]
[EventType "team-tourn"]
[EventRounds "13"]
[EventCountry "TUR"]
[SourceTitle "CBM 155 Extra"]
[Source "ChessBase"]
[SourceDate "2013.08.26"]
[SourceVersion "1"]
[SourceVersionDate "2013.08.26"]
[SourceQuality "1"]
[WhiteTeam "Tarsus Zeka"]
[BlackTeam "Ezgi Kulubu"]
[WhiteTeamCountry "TUR"]
[BlackTeamCountry "TUR"]

1. d4 Nf6 2. Nf3 e6 3. c4 b6 4. g3 Ba6 5. b3 Bb4+ 6. Bd2 Be7 7. Bg2 c6 8. Bc3 d5 9. Ne5 Nfd7 10. Nxd7 Nxd7 11. Nd2 0-0 12. 0-0 f5 13. Re1 Rc8 14. f3 c5 15. cxd5 exd5 16. Nf1 cxd4 17. Bxd4 Bb4 18. Nd2 Qc7 19. a3 Bc3 20. Bxc3 Qxc3 21. Nf1 Nf6 22. e3 Rfe8 23. f4 Bxf1 24. Kxf1 Ng4 25. Qxd5+ Kh8 26. Kg1 Rxe3 27. Red1 Rce8 28. Rf1 Re2 29. Qf3 Qd4+ 30. Kh1 Nf2+ 31. Kg1 Nd1+ 0-1

[Event "EU-ch U18"]
[Site "Albena"]
[Date "2011.09.19"]
[Round "8"]
[White "Komut, Burak"]
[Black "Olson, Hamish"]
[Result "1-0"]
[WhiteElo "2007"]
[BlackElo "1988"]
[PlyCount "123"]
[EventDate "2011.09.11"]
[EventType "swiss"]
[EventRounds "9"]
[EventCountry "BUL"]
[SourceTitle "CBM 144 Extra"]
[Source "ChessBase"]
[SourceDate "2011.10.28"]
[SourceVersion "1"]
[SourceVersionDate "2011.10.28"]
[SourceQuality "1"]

1. d4 Nf6 2. Nf3 g6 3. c4 Bg7 4. g3 0-0 5. Bg2 d6 6. Nc3 Nbd7 7. 0-0 e5 8. h3 c6 9. e4 Qa5 10. Re1 exd4 11. Nxd4 Ne5 12. Bf1 Re8 13. f4 Ned7 14. Kh2 Nc5 15. Bg2 Qb4 16. a3 Qb6 17. b4 Ncxe4 18. Bxe4 Nxe4 19. Nxe4 Bxd4 20. Nf6+ Bxf6 21. Rxe8+ Kg7 22. Ra2 Bg4 23. Qe1 Rxe8 24. Qxe8 Be6 25. Rg2 Bxc4 26. Qe3 d5 27. Qxb6 axb6 28. g4 Kf8 29. g5 Bg7 30. Kg3 Ke7 31. Bb2 Bxb2 32. Rxb2 Bd3 33. Kf3 Bf5 34. h4 Kd6 35. a4 d4 36. a5 bxa5 37. bxa5 Bc8 38. Ke4 Bf5+ 39. Kxd4 c5+ 40. Kc4 Be6+ 41. Kc3 Kc7 42. Rb5 Kc6 43. Rb6+ Kc7 44. Kd3 Bd5 45. Rb2 Kd7 46. Ke3 Kd6 47. Kd3 Kc7 48. Ke3 Kd6 49. h5 Kd7 50. h6 Kc7 51. Kd3 Kd6 52. Re2 Kd7 53. Re5 c4+ 54. Kd4 Be6 55. Rc5 Kd6 56. Re5 Kd7 57. a6 bxa6 58. Ra5 Kc6 59. Rxa6+ Kb5 60. Ra8 Kb4 61. Rb8+ Ka3 62. Kc3 1-0

[Event "TUR-chT"]
[Site "Konya"]
[Date "2011.07.09"]
[Round "13"]
[White "Komut, Burak"]
[Black "Ozen, Ali"]
[Result "1-0"]
[WhiteElo "1980"]
[BlackElo "1688"]
[PlyCount "53"]
[EventDate "2011.06.28"]
[EventType "team-swiss"]
[EventRounds "13"]
[EventCountry "TUR"]
[SourceTitle "CBM 143 Extra"]
[Source "ChessBase"]
[SourceDate "2011.08.29"]
[SourceVersion "1"]
[SourceVersionDate "2011.08.29"]
[SourceQuality "1"]
[WhiteTeam "Bursa Tophane"]
[BlackTeam "Celikkol Turizm Pamukkale"]
[WhiteTeamCountry "TUR"]
[BlackTeamCountry "TUR"]

1. d4 d5 2. c4 e5 3. dxe5 d4 4. g3 Nc6 5. Nf3 Nge7 6. Bg2 Ng6 7. 0-0 Ngxe5 8. Nbd2 Be6 9. Nxe5 Nxe5 10. Bxb7 Rb8 11. Bg2 Be7 12. b3 Qd7 13. Bb2 Bh3 14. Qc2 Bxg2 15. Kxg2 f5 16. Rad1 c5 17. h3 Qc6+ 18. Kh2 0-0 19. f4 Nd7 20. Rde1 Qa6 21. e3 dxe3 22. Rxe3 Bf6 23. Bxf6 Nxf6 24. Rfe1 Rbd8 25. R1e2 Qc6 26. Qxf5 Nd5 27. cxd5 1-0

[Event "TUR-chT"]
[Site "Konya"]
[Date "2011.07.08"]
[Round "12"]
[White "Komut, Burak"]
[Black "Asikuzun, Berkay"]
[Result "1-0"]
[WhiteElo "1980"]
[BlackElo "1842"]
[PlyCount "74"]
[EventDate "2011.06.28"]
[EventType "team-swiss"]
[EventRounds "13"]
[EventCountry "TUR"]
[SourceTitle "CBM 143 Extra"]
[Source "ChessBase"]
[SourceDate "2011.08.29"]
[SourceVersion "1"]
[SourceVersionDate "2011.08.29"]
[SourceQuality "1"]
[WhiteTeam "Bursa Tophane"]
[BlackTeam "Istanbul Teknik Uni"]
[WhiteTeamCountry "TUR"]
[BlackTeamCountry "TUR"]

1. d4 d5 2. c4 e6 3. Nc3 Nf6 4. Bg5 Be7 5. cxd5 exd5 6. Bc1 Bf8 7. Bg5 Be7 8. e3 c6 9. Qc2 Nbd7 10. Bd3 0-0 11. Nf3 Re8 12. 0-0 Nf8 13. h3 g6 14. Rab1 Ne6 15. Bh4 Ng7 16. b4 Nf5 17. Bg5 Nd6 18. b5 Nd7 19. Bxe7 Qxe7 20. bxc6 bxc6 21. Na4 Nb8 22. Ne5 Qc7 23. Rfc1 Bb7 24. Nc5 Bc8 25. Na4 Bb7 26. Qb3 Re7 27. Nc5 Bc8 28. Qa4 Re8 29. Rc2 f6 30. Nf3 Ne4 31. Bxe4 dxe4 32. Nd2 f5 33. Nc4 Nd7 34. Nxd7 Bxd7 35. Ne5 Re6 36. Rc5 Rc8 37. Qa6 Be8 1-0

[Event "TUR-chT"]
[Site "Konya"]
[Date "2011.07.06"]
[Round "10"]
[White "Brunello, Marina"]
[Black "Komut, Burak"]
[Result "0-1"]
[WhiteElo "2177"]
[BlackElo "1980"]
[PlyCount "38"]
[EventDate "2011.06.28"]
[EventType "team-swiss"]
[EventRounds "13"]
[EventCountry "TUR"]
[SourceTitle "CBM 143 Extra"]
[Source "ChessBase"]
[SourceDate "2011.08.29"]
[SourceVersion "1"]
[SourceVersionDate "2011.08.29"]
[SourceQuality "1"]
[WhiteTeam "Yesilkoy"]
[BlackTeam "Bursa Tophane"]
[WhiteTeamCountry "TUR"]
[BlackTeamCountry "TUR"]

1. e4 c5 2. c3 d6 3. d4 Nf6 4. Bd3 e5 5. Nf3 Nc6 6. dxc5 d5 7. Bb5 Nxe4 8. Nxe5 Bxc5 9. Nd3 Bb6 10. 0-0 0-0 11. Nd2 Nxd2 12. Bxd2 d4 13. Ba4 Bf5 14. Bc2 Qf6 15. Nf4 Rad8 16. Bxf5 Qxf5 17. cxd4 Rxd4 18. Ne2 Rd7 19. Qc1 Qd3 0-1

[Event "TUR-chT"]
[Site "Konya"]
[Date "2011.07.02"]
[Round "6"]
[White "Uzun, Sarp"]
[Black "Komut, Burak"]
[Result "1/2-1/2"]
[WhiteElo "1967"]
[BlackElo "1980"]
[PlyCount "46"]
[EventDate "2011.06.28"]
[EventType "team-swiss"]
[EventRounds "13"]
[EventCountry "TUR"]
[SourceTitle "CBM 143 Extra"]
[Source "ChessBase"]
[SourceDate "2011.08.29"]
[SourceVersion "1"]
[SourceVersionDate "2011.08.29"]
[SourceQuality "1"]
[WhiteTeam "Tarsus Zeka"]
[BlackTeam "Bursa Tophane"]
[WhiteTeamCountry "TUR"]
[BlackTeamCountry "TUR"]

1. Nf3 d5 2. g3 Nf6 3. Bg2 c6 4. 0-0 Bg4 5. Ne5 Bf5 6. f4 Nbd7 7. b3 g6 8. Nf3 Bg7 9. Bb2 0-0 10. e3 Re8 11. Re1 Qb6 12. a4 c5 13. d3 c4 14. Bd4 Qc7 15. bxc4 dxc4 16. Na3 Be6 17. Qd2 a6 18. Ng5 cxd3 19. Nxe6 fxe6 20. cxd3 Nd5 21. Rec1 Qb8 22. Bxg7 Kxg7 23. e4 N5f6 1/2-1/2

[Event "World ol U16 09th"]
[Site "Burdur"]
[Date "2010.11.29"]
[Round "4"]
[White "Dastan, Batuhan Muhammed"]
[Black "Komut, Burak"]
[Result "1-0"]
[WhiteElo "2101"]
[BlackElo "2002"]
[PlyCount "77"]
[EventDate "2010.11.27"]
[EventType "team-swiss"]
[EventRounds "10"]
[EventCountry "TUR"]
[SourceTitle "CBM 139 Extra"]
[Source "ChessBase"]
[SourceDate "2011.01.05"]
[SourceVersion "1"]
[SourceVersionDate "2011.01.05"]
[SourceQuality "1"]
[WhiteTeam "Turkey Red"]
[BlackTeam "Turkey White"]
[WhiteTeamCountry "TUR"]
[BlackTeamCountry "TUR"]

1. e4 e5 2. Nf3 Nc6 3. Bc4 Nf6 4. d3 Be7 5. 0-0 0-0 6. Re1 d6 7. a4 Be6 8. Nc3 Bg4 9. h3 Bh5 10. g4 Bg6 11. Nh4 Kh8 12. Be3 Nb8 13. f4 exf4 14. Bxf4 c6 15. Bb3 Nbd7 16. Nxg6+ fxg6 17. Bg3 Nc5 18. Ba2 d5 19. exd5 cxd5 20. Qe2 Bd6 21. Bxd6 Qxd6 22. Qe5 Qb6 23. Qd4 Nxa4 24. Qxb6 Nxb6 25. g5 Nh5 26. Nxd5 Rf5 27. Nxb6 Rxg5+ 28. Kh2 axb6 29. Bd5 Rf8 30. Rf1 Rc8 31. c4 Nf6 32. Bxb7 Re8 33. Rfe1 Rd8 34. Ra8 Rxa8 35. Bxa8 Ra5 36. Bc6 h5 37. d4 Ra7 38. Re3 Ra2 39. Rb3 1-0

[Event "World ol U16 09th"]
[Site "Burdur"]
[Date "2010.11.28"]
[Round "2"]
[White "Komut, Burak"]
[Black "Aripov, Iskandar"]
[Result "1/2-1/2"]
[WhiteElo "2002"]
[BlackElo "2103"]
[PlyCount "78"]
[EventDate "2010.11.27"]
[EventType "team-swiss"]
[EventRounds "10"]
[EventCountry "TUR"]
[SourceTitle "CBM 139 Extra"]
[Source "ChessBase"]
[SourceDate "2011.01.05"]
[SourceVersion "1"]
[SourceVersionDate "2011.01.05"]
[SourceQuality "1"]
[WhiteTeam "Turkey White"]
[BlackTeam "Uzbekistan"]
[WhiteTeamCountry "TUR"]
[BlackTeamCountry "UZB"]

1. d4 d5 2. c4 c6 3. Nc3 Nf6 4. Nf3 e6 5. e3 Nbd7 6. Qc2 Bd6 7. b3 0-0 8. Be2 e5 9. cxd5 cxd5 10. Nb5 Bb4+ 11. Bd2 Bxd2+ 12. Nxd2 exd4 13. Nxd4 Ne5 14. 0-0 Bd7 15. Rac1 Nc6 16. Qb2 Qb6 17. N2f3 a5 18. a3 Rac8 19. Bd3 Ne4 20. Rfd1 Bg4 21. Re1 Bxf3 22. Nxf3 Nc5 23. Bf5 Rcd8 24. Qc2 Ne4 25. Rcd1 Rfe8 26. Nd4 g6 27. Bxe4 Nxd4 28. Rxd4 dxe4 29. Red1 Rxd4 30. Rxd4 Qe6 31. h3 Rc8 32. Qd2 Qxb3 33. Rd8+ Rxd8 34. Qxd8+ Kg7 35. Qxa5 b5 36. Qa8 Qd1+ 37. Kh2 Qa4 38. Qd5 Qxa3 39. Qxb5 Qd6+ 1/2-1/2

[Event "World School-ch U17 6th"]
[Site "Kayseri"]
[Date "2010.07.24"]
[Round "4"]
[White "Burneckas, Yunus"]
[Black "Komut, Burak"]
[Result "0-1"]
[WhiteElo "1948"]
[BlackElo "2012"]
[PlyCount "100"]
[EventDate "2010.07.21"]
[EventType "swiss"]
[EventRounds "9"]
[EventCountry "TUR"]
[SourceTitle "CBM 137 Extra"]
[Source "ChessBase"]
[SourceDate "2010.09.01"]
[SourceVersion "1"]
[SourceVersionDate "2010.09.01"]
[SourceQuality "1"]

1. e4 e5 2. Nf3 Nc6 3. Bc4 Nf6 4. d3 Be7 5. Nc3 0-0 6. Be3 d6 7. a3 Be6 8. Bd5 Bxd5 9. exd5 Nb8 10. d4 Nbd7 11. 0-0 Re8 12. Re1 h6 13. Nd2 Bf8 14. Qf3 g6 15. Nde4 Nxe4 16. Nxe4 f5 17. Nc3 Bg7 18. dxe5 Nxe5 19. Qh3 Ng4 20. Qf3 Qd7 21. h3 Ne5 22. Qg3 Qf7 23. Rad1 Nc4 24. Bc1 Kh7 25. Qh4 Ne5 26. Ne2 g5 27. Bxg5 Qg6 28. f4 Nc4 29. Ng3 Nxb2 30. Rb1 Nc4 31. Nh5 b6 32. Kh2 Nd2 33. Rbd1 Ne4 34. g4 Nxg5 35. fxg5 Be5+ 36. Kg1 Bg7 37. Kh2 Be5+ 38. Kg1 Qxg5 39. Qxg5 hxg5 40. Kg2 f4 41. Re4 Kg6 42. Rc4 Re7 43. h4 Rf8 44. Rf1 gxh4 45. Kh3 Kg5 46. Rf3 Rff7 47. a4 Re8 48. Re4 Rb8 49. Rb4 a6 50. c4 Re8 0-1

[Event "World School-ch U17 6th"]
[Site "Kayseri"]
[Date "2010.07.21"]
[Round "1"]
[White "Komut, Burak"]
[Black "Sagbas, Cagdas Gurkan"]
[Result "1-0"]
[WhiteElo "2012"]
[BlackElo "1782"]
[PlyCount "43"]
[EventDate "2010.07.21"]
[EventType "swiss"]
[EventRounds "9"]
[EventCountry "TUR"]
[SourceTitle "CBM 137 Extra"]
[Source "ChessBase"]
[SourceDate "2010.09.01"]
[SourceVersion "1"]
[SourceVersionDate "2010.09.01"]
[SourceQuality "1"]

1. d4 d5 2. c4 e6 3. Nc3 Nf6 4. Bg5 Be7 5. Nf3 h6 6. Bh4 0-0 7. e3 b6 8. Bd3 Bb7 9. 0-0 Nbd7 10. Rc1 c5 11. Re1 Rc8 12. cxd5 Nxd5 13. Bg3 cxd4 14. exd4 Bg5 15. Nxg5 Qxg5 16. Ne4 Rxc1 17. Qxc1 Qxc1 18. Rxc1 Rc8 19. Rxc8+ Bxc8 20. Nd6 Nb4 21. Bb5 a6 22. Be2 1-0

[Event "TUR-chT"]
[Site "Konya"]
[Date "2010.07.08"]
[Round "13"]
[White "Komut, Burak"]
[Black "Serin, Sarper"]
[Result "0-1"]
[WhiteElo "2012"]
[BlackElo "1719"]
[PlyCount "66"]
[EventDate "2010.06.29"]
[EventType "team-tourn"]
[EventRounds "13"]
[EventCountry "TUR"]
[SourceTitle "CBM 137 Extra"]
[Source "ChessBase"]
[SourceDate "2010.09.01"]
[SourceVersion "1"]
[SourceVersionDate "2010.09.01"]
[SourceQuality "1"]

1. d4 d5 2. c4 c6 3. e3 Nf6 4. Nf3 e6 5. Bd3 dxc4 6. Bxc4 Bd6 7. 0-0 0-0 8. b3 Nbd7 9. Bb2 Qe7 10. Nbd2 e5 11. dxe5 Nxe5 12. Qc2 Bg4 13. Be2 Rad8 14. Rfd1 Nfd7 15. Qc3 Bxf3 16. Bxf3 Nxf3+ 17. Nxf3 Nf6 18. Qa5 Ne4 19. Rd4 f5 20. Rad1 b6 21. Qe1 Bc5 22. Rxd8 Rxd8 23. Rxd8+ Qxd8 24. Qe2 Qd5 25. g3 b5 26. Bd4 a6 27. Qb2 Bf8 28. Qe2 Ba3 29. Nd2 Nxd2 30. Qxd2 c5 31. Bc3 Qxd2 32. Bxd2 Bb2 33. Ba5 c4 0-1

[Event "TUR-chT"]
[Site "Konya"]
[Date "2010.07.07"]
[Round "11"]
[White "Komut, Burak"]
[Black "Burneckas, Yunus"]
[Result "1-0"]
[WhiteElo "2012"]
[BlackElo "1946"]
[PlyCount "64"]
[EventDate "2010.06.29"]
[EventType "team-tourn"]
[EventRounds "13"]
[EventCountry "TUR"]
[SourceTitle "CBM 137 Extra"]
[Source "ChessBase"]
[SourceDate "2010.09.01"]
[SourceVersion "1"]
[SourceVersionDate "2010.09.01"]
[SourceQuality "1"]

1. d4 f5 2. c4 Nf6 3. g3 e6 4. Bg2 Bb4+ 5. Bd2 Be7 6. Bc3 d5 7. Nd2 0-0 8. Nh3 c6 9. 0-0 Ne4 10. Nxe4 fxe4 11. b3 Bf6 12. Rc1 Nd7 13. f3 exf3 14. Bxf3 Re8 15. Nf2 dxc4 16. bxc4 Bg5 17. Rb1 Qc7 18. Kg2 e5 19. d5 cxd5 20. Bxd5+ Kh8 21. Ne4 Bf6 22. Qa4 b5 23. Rxb5 Rb8 24. Rxb8 Qxb8 25. Qc6 Qb6 26. Qxb6 axb6 27. Nd6 Rf8 28. Nf7+ Kg8 29. Nxe5+ Kh8 30. Nxd7 Bxd7 31. Bxf6 gxf6 32. Rb1 Ra8 1-0

[Event "TUR-chT"]
[Site "Konya"]
[Date "2010.07.05"]
[Round "8"]
[White "Suer, Utku"]
[Black "Komut, Burak"]
[Result "1/2-1/2"]
[WhiteElo "1793"]
[BlackElo "2012"]
[PlyCount "60"]
[EventDate "2010.06.29"]
[EventType "team-tourn"]
[EventRounds "13"]
[EventCountry "TUR"]
[SourceTitle "CBM 137 Extra"]
[Source "ChessBase"]
[SourceDate "2010.09.01"]
[SourceVersion "1"]
[SourceVersionDate "2010.09.01"]
[SourceQuality "1"]

1. c4 e6 2. Nc3 d5 3. d4 Be7 4. Nf3 Nf6 5. Bg5 0-0 6. e3 h6 7. Bh4 Ne4 8. Bxe7 Qxe7 9. cxd5 Nxc3 10. bxc3 exd5 11. Qb3 Rd8 12. c4 Be6 13. c5 b6 14. Rc1 bxc5 15. Rxc5 Nd7 16. Rxc7 Rab8 17. Qc2 Qa3 18. Rc3 Qa5 19. Nd2 Nb6 20. Rc5 Qb4 21. Rb5 Qa3 22. Rb3 Qa5 23. Rb5 Qa3 24. Rb3 Qd6 25. Bd3 Rdc8 26. Qd1 Nc4 27. 0-0 Rxb3 28. Nxb3 Qa3 29. Qe2 Rb8 30. Rd1 Rc8 1/2-1/2